[Event "43. Olimpiada Batumi 2018 Femenina"]
[Site "Batumi GEO"]
[Date "2018.09.25"]
[Round "2.3"]
[White "Karavade, Eesha"]
[Black "Rovira Contreras, Tairu Manuela"]
[Result "1-0"]
[WhiteElo "2374"]
[BlackElo "2033"]
[PlyCount "97"]
[EventDate "2018.09.24"]
[EventType "team-swiss"]
[EventRounds "11"]
[EventCountry "GEO"]
[SourceTitle "Ajedrez en Madrid"]
[Source "lmi"]
[SourceDate "2018.09.24"]
[WhiteTeam "India"]
[BlackTeam "Venezuela"]
[WhiteTeamCountry "IND"]
[BlackTeamCountry "VEN"]

1. d4 Nf6 2. c4 g6 3. g3 Bg7 4. Bg2 O-O 5. Nc3 d6 6. Nf3 Nbd7 7. O-O e5 8. e4
c6 9. h3 Re8 10. Be3 Qc7 11. Rc1 h6 12. Qd2 Kh7 13. d5 c5 14. Ne1 Nb6 15. b3
Ng8 16. Nd3 f5 17. exf5 gxf5 18. f4 e4 19. Nf2 Nf6 20. Qe2 Qd7 21. Ncd1 h5 22.
Nc3 Kh8 23. g4 hxg4 24. hxg4 Nxg4 25. Nxg4 fxg4 26. Nxe4 Qd8 27. f5 Qh4 28. f6
Bh6 29. Bxh6 Qxh6 30. Qf2 Rf8 31. Qf4 Qxf4 32. Rxf4 Nd7 33. Rcf1 Ne5 34. Nxd6
Bd7 35. Nxb7 Nd3 36. Re4 Rab8 37. Re3 Rxb7 38. Rxd3 Bc8 39. d6 Rbf7 40. Bc6 Bd7
41. Bxd7 Rxd7 42. Kg2 Kg8 43. Kg3 Kf7 44. Kxg4 Ke6 45. Re1+ Kxf6 46. Rf1+ Kg7
47. Rxf8 Kxf8 48. Kf5 Kf7 49. Ke5 1-0

[Event "43. Olimpiada Batumi 2018 Femenina"]
[Site "Batumi GEO"]
[Date "2018.09.25"]
[Round "2.4"]
[White "Patino Garcia, Corals"]
[Black "Padmini, Rout"]
[Result "0-1"]
[WhiteElo "2023"]
[BlackElo "2338"]
[PlyCount "84"]
[EventDate "2018.09.24"]
[EventType "team-swiss"]
[EventRounds "11"]
[EventCountry "GEO"]
[SourceTitle "Ajedrez en Madrid"]
[Source "lmi"]
[SourceDate "2018.09.24"]
[WhiteTeam "Venezuela"]
[BlackTeam "India"]
[WhiteTeamCountry "VEN"]
[BlackTeamCountry "IND"]

1. d4 Nf6 2. c4 g6 3. Nf3 Bg7 4. g3 O-O 5. Bg2 d6 6. Nc3 Nbd7 7. O-O e5 8. e3
Re8 9. b3 c6 10. a4 Nf8 11. Ba3 e4 12. Nd2 Bf5 13. Rc1 Qd7 14. Qc2 d5 15. cxd5
cxd5 16. Nb5 Rec8 17. Qb2 Rc6 18. Rxc6 bxc6 19. Nc3 Ne6 20. b4 Ng5 21. Ne2 Bf8
22. Nf4 Bg4 23. f3 exf3 24. Nxf3 Bxf3 25. Bxf3 Re8 26. Qc3 Nxf3+ 27. Rxf3 Ne4
28. Qd3 Qe7 29. Ng2 a5 30. Qc2 axb4 31. Bb2 Qb7 32. Rf1 b3 33. Qc1 Ra8 34. Nf4
Rxa4 35. Nd3 Rc4 36. Qa1 Rc2 37. Ne5 f6 38. Ng4 Qe7 39. Bc1 h5 40. Nf2 Nxf2 41.
Rxf2 b2 42. Bxb2 Qxe3 0-1

[Event "43. Olimpiada Batumi 2018 Femenina"]
[Site "Batumi GEO"]
[Date "2018.09.25"]
[Round "2.1"]
[White "Paehtz, Elisabeth"]
[Black "Khomeriki, Nino"]
[Result "0-1"]
[WhiteElo "2513"]
[BlackElo "2313"]
[PlyCount "154"]
[EventDate "2018.09.24"]
[EventType "team-swiss"]
[EventRounds "11"]
[EventCountry "GEO"]
[SourceTitle "Ajedrez en Madrid"]
[Source "lmi"]
[SourceDate "2018.09.24"]
[WhiteTeam "Germany"]
[BlackTeam "Georgia 3"]
[WhiteTeamCountry "GER"]

1. Nf3 d5 2. e3 Nf6 3. c4 e6 4. b3 Be7 5. Bb2 O-O 6. g3 b6 7. Bg2 Bb7 8. O-O c5
9. Nc3 dxc4 10. bxc4 Nc6 11. Qe2 Rc8 12. d3 Nd7 13. Rad1 Bf6 14. Nd2 a6 15. f4
b5 16. Nde4 b4 17. Nxf6+ Nxf6 18. Nb1 Qe7 19. Nd2 a5 20. g4 a4 21. g5 Nd7 22.
Ne4 a3 23. Ba1 Na5 24. Qh5 Bxe4 25. Bxe4 g6 26. Qh6 f5 27. gxf6 Nxf6 28. Qg5
Rf7 29. Bg2 Nh5 30. Qg4 Rcf8 31. Qe2 Qa7 32. Be5 Ng7 33. Qc2 Nf5 34. Rfe1 Qa6
35. Qa4 Ra7 36. Qb5 Rc8 37. Rc1 Nd6 38. Qa4 Nf5 39. Qc2 Nc6 40. Ba1 Qa4 41. Qf2
b3 42. axb3 Qxb3 43. d4 Nb4 44. Rc3 Qa2 45. d5 Qxf2+ 46. Kxf2 exd5 47. cxd5 c4
48. Bf1 Nd6 49. e4 Nb5 50. Rcc1 Rac7 51. Rb1 Nc2 52. Rxb5 Nxe1 53. Kxe1 c3 54.
Kd1 Rf8 55. f5 Re8 56. d6 Rc6 57. e5 gxf5 58. Kc2 Kf8 59. Rd5 Rb8 60. Bd3 Rb2+
61. Bxb2 cxb2+ 62. Kb1 Rc1+ 63. Ka2 Ra1+ 64. Kb3 Rd1 65. Ka2 b1=Q+ 66. Bxb1
Rxd5 67. Bxf5 h6 68. Kxa3 Rxe5 69. Bc8 Rd5 70. Kb3 Rxd6 71. Bg4 Rc6 72. h4 Kg7
73. h5 Kf6 74. Bd1 Kg5 75. Kb2 Kh4 76. Kb3 Rc1 77. Be2 Re1 0-1

[Event "43. Olimpiada Batumi 2018 Femenina"]
[Site "Batumi GEO"]
[Date "2018.09.25"]
[Round "2.2"]
[White "Janiashvili, Mariami"]
[Black "Osmanodja, Filiz"]
[Result "0-1"]
[WhiteElo "2081"]
[BlackElo "2348"]
[PlyCount "58"]
[EventDate "2018.09.24"]
[EventType "team-swiss"]
[EventRounds "11"]
[EventCountry "GEO"]
[SourceTitle "Ajedrez en Madrid"]
[Source "lmi"]
[SourceDate "2018.09.24"]
[WhiteTeam "Georgia 3"]
[BlackTeam "Germany"]
[BlackTeamCountry "GER"]

1. d4 Nf6 2. Nf3 g6 3. Nbd2 d5 4. e3 Bg7 5. b4 a5 6. b5 a4 7. Ba3 O-O 8. c4 Re8
9. Be2 Nbd7 10. Rc1 e5 11. dxe5 Nxe5 12. Nxe5 Rxe5 13. Nf3 Re8 14. O-O Be6 15.
Nd4 Qd7 16. Nxe6 fxe6 17. Qc2 c6 18. Rfd1 Rec8 19. Qb1 Qf7 20. bxc6 bxc6 21.
Qc2 Ne4 22. Bd3 Nc3 23. Re1 c5 24. cxd5 exd5 25. Qd2 c4 26. Bb1 Nxb1 27. Rxb1
c3 28. Qd3 c2 29. Rb5 Rc3 0-1

[Event "43. Olimpiada Batumi 2018 Femenina"]
[Site "Batumi GEO"]
[Date "2018.09.25"]
[Round "2.3"]
[White "Hoolt, Sarah"]
[Black "Koridze, Lile"]
[Result "1/2-1/2"]
[WhiteElo "2355"]
[BlackElo "1931"]
[PlyCount "90"]
[EventDate "2018.09.24"]
[EventType "team-swiss"]
[EventRounds "11"]
[EventCountry "GEO"]
[SourceTitle "Ajedrez en Madrid"]
[Source "lmi"]
[SourceDate "2018.09.24"]
[WhiteTeam "Germany"]
[BlackTeam "Georgia 3"]
[WhiteTeamCountry "GER"]

1. e4 c5 2. Be2 Nc6 3. f4 g6 4. Nf3 Bg7 5. c3 d5 6. d3 e6 7. O-O Nge7 8. Na3
O-O 9. e5 b6 10. d4 a5 11. Nb5 Ba6 12. a4 Qd7 13. Be3 Nf5 14. Bf2 cxd4 15. cxd4
Nb4 16. g4 Ne7 17. Be1 Rfc8 18. Bc3 Bh6 19. Ne1 Nbc6 20. Ng2 Rf8 21. Ne3 Na7
22. Qb3 Nxb5 23. axb5 Bb7 24. g5 Bg7 25. Ng4 Nf5 26. Rf3 Rfc8 27. Bd3 Rc4 28.
Bxf5 exf5 29. Nf6+ Bxf6 30. gxf6 a4 31. Qa3 Rc7 32. Re1 Qxb5 33. e6 Re8 34.
Rfe3 fxe6 35. Rxe6 Rxe6 36. Rxe6 Rf7 37. Re7 Ba6 38. Qa1 Rxe7 39. fxe7 Qe2 40.
Qe1 Qxe1+ 41. Bxe1 Kf7 42. Bb4 Bb5 43. Kf2 h6 44. h4 Kf6 45. Kg3 Kf7 1/2-1/2

[Event "43. Olimpiada Batumi 2018 Femenina"]
[Site "Batumi GEO"]
[Date "2018.09.25"]
[Round "2.4"]
[White "Esadze, Tamari"]
[Black "Fuchs, Judith"]
[Result "1/2-1/2"]
[WhiteElo "1911"]
[BlackElo "2274"]
[PlyCount "148"]
[EventDate "2018.09.24"]
[EventType "team-swiss"]
[EventRounds "11"]
[EventCountry "GEO"]
[SourceTitle "Ajedrez en Madrid"]
[Source "lmi"]
[SourceDate "2018.09.24"]
[WhiteTeam "Georgia 3"]
[BlackTeam "Germany"]
[BlackTeamCountry "GER"]

1. e4 c5 2. Nf3 d6 3. d4 cxd4 4. Nxd4 Nf6 5. Nc3 Bd7 6. Bg5 e6 7. f4 Be7 8. Qf3
Nc6 9. O-O-O Nxd4 10. Rxd4 Qb6 11. Rd1 Rc8 12. Be2 O-O 13. e5 Bc6 14. Qh3 dxe5
15. fxe5 Nd5 16. Bxe7 Nxe7 17. Bd3 Ng6 18. Qg3 Qc5 19. Rhe1 b5 20. Bxg6 hxg6
21. Rd2 b4 22. Nb1 Bd5 23. b3 Rfd8 24. Kb2 a5 25. Qe3 Qc6 26. Red1 a4 27. Qf4
Qc5 28. Qd4 Qa5 29. Qe3 Ra8 30. Ka1 Rdc8 31. Rf1 Rc7 32. Rff2 Rca7 33. h4 Qc7
34. Rde2 Ra5 35. g4 Qa7 36. Qxa7 R8xa7 37. Re3 Rc7 38. Kb2 a3+ 39. Kc1 Rac5 40.
Kd1 Rd7 41. Rd2 Rdc7 42. Rf2 Kf8 43. Rd2 Ke7 44. g5 Rc8 45. Rf2 R8c7 46. Rd2 f6
47. exf6+ gxf6 48. gxf6+ Kxf6 49. Rf2+ Kg7 50. Rh2 Kh6 51. Rf2 Kh5 52. Rh2 Kg4
53. Rd3 Bf3+ 54. Kc1 e5 55. Rd6 Kh5 56. c4 bxc3 57. Nxa3 Rf7 58. Nc4 Be4 59.
Rd1 Rf4 60. Re1 Bf5 61. Rhe2 e4 62. a4 Rxh4 63. a5 Be6 64. Rxe4 Bxc4 65. Rxh4+
Kxh4 66. Re4+ Kg5 67. Rxc4 Rxa5 68. Rxc3 Rb5 69. Kd2 Kf5 70. Ke3 g5 71. Kf3 Ke5
72. Kg4 Kd4 73. Rf3 Ke4 74. Rc3 Kd4 1/2-1/2

[Event "43. Olimpiada Batumi 2018 Femenina"]
[Site "Batumi GEO"]
[Date "2018.09.25"]
[Round "2.1"]
[White "Mammadzada, Gunay"]
[Black "Goossens, Hanne"]
[Result "1-0"]
[WhiteElo "2438"]
[BlackElo "2220"]
[PlyCount "71"]
[EventDate "2018.09.24"]
[EventType "team-swiss"]
[EventRounds "11"]
[EventCountry "GEO"]
[SourceTitle "Ajedrez en Madrid"]
[Source "lmi"]
[SourceDate "2018.09.24"]
[WhiteTeam "Azerbaijan"]
[BlackTeam "Belgium"]
[WhiteTeamCountry "AZE"]
[BlackTeamCountry "BEL"]

1. e4 c5 2. Nf3 d6 3. d4 cxd4 4. Nxd4 Nf6 5. Nc3 a6 6. Be3 e6 7. f3 b5 8. Qd2
b4 9. Nd1 Be7 10. Bd3 O-O 11. Nf2 Qc7 12. Qxb4 e5 13. Nb3 Nc6 14. Qd2 a5 15.
O-O Be6 16. f4 a4 17. fxe5 dxe5 18. Nc5 Bc8 19. Qc3 Nd4 20. Nxa4 Qa7 21. b3
Nf3+ 22. gxf3 Qxe3 23. Qxe5 Bb4 24. Nb2 Re8 25. Nc4 Qxf3 26. Qg3 Qh5 27. e5 Ng4
28. Ne4 Nxe5 29. Nf6+ Kh8 30. Nxh5 Bc5+ 31. Rf2 Ng4 32. Raf1 g6 33. Nf6 Nxf6
34. Qg5 Bd4 35. c3 Bxf2+ 36. Rxf2 1-0

[Event "43. Olimpiada Batumi 2018 Femenina"]
[Site "Batumi GEO"]
[Date "2018.09.25"]
[Round "2.2"]
[White "Vanduyfhuys, Daria"]
[Black "Mamedjarova, Zeinab"]
[Result "0-1"]
[WhiteElo "2058"]
[BlackElo "2358"]
[PlyCount "82"]
[EventDate "2018.09.24"]
[EventType "team-swiss"]
[EventRounds "11"]
[EventCountry "GEO"]
[SourceTitle "Ajedrez en Madrid"]
[Source "lmi"]
[SourceDate "2018.09.24"]
[WhiteTeam "Belgium"]
[BlackTeam "Azerbaijan"]
[WhiteTeamCountry "BEL"]
[BlackTeamCountry "AZE"]

1. d4 e6 2. Nf3 d5 3. c4 Nf6 4. Nc3 Be7 5. Bg5 O-O 6. e3 a6 7. cxd5 exd5 8. Qc2
c6 9. Bd3 Nbd7 10. O-O Re8 11. Rfe1 h6 12. Bh4 Ne4 13. Bxe7 Qxe7 14. Nd2 Ndf6
15. f3 Ng5 16. Nf1 Bd7 17. Ng3 Rad8 18. Rac1 g6 19. Qf2 Kg7 20. e4 dxe4 21.
Ngxe4 Ngxe4 22. fxe4 Ng4 23. Qf4 Qb4 24. e5 g5 25. Qe4 Bf5 26. Qxf5 Qxd4+ 27.
Kh1 Nf2+ 28. Kg1 Nxd3+ 29. Kh1 Nxe1 30. Rxe1 Qf4 31. Qxf4 gxf4 32. Re2 Rd3 33.
Kg1 Re3 34. Kf2 Rxe2+ 35. Nxe2 Rxe5 36. Nxf4 Rc5 37. Nd3 Rc2+ 38. Kf3 c5 39. b3
b6 40. a4 Rc3 41. Ke4 Rxb3 0-1

[Event "43. Olimpiada Batumi 2018 Femenina"]
[Site "Batumi GEO"]
[Date "2018.09.25"]
[Round "2.3"]
[White "Mammadova, Gulnar"]
[Black "Barbier, Wiebke"]
[Result "1-0"]
[WhiteElo "2355"]
[BlackElo "1998"]
[PlyCount "105"]
[EventDate "2018.09.24"]
[EventType "team-swiss"]
[EventRounds "11"]
[EventCountry "GEO"]
[SourceTitle "Ajedrez en Madrid"]
[Source "lmi"]
[SourceDate "2018.09.24"]
[WhiteTeam "Azerbaijan"]
[BlackTeam "Belgium"]
[WhiteTeamCountry "AZE"]
[BlackTeamCountry "BEL"]

1. e4 d6 2. d4 Nf6 3. Nc3 e5 4. Nf3 Nbd7 5. Bc4 Be7 6. a4 O-O 7. O-O a5 8. Re1
c6 9. h3 Nb6 10. Ba2 Nfd7 11. dxe5 dxe5 12. Qe2 Qc7 13. Rd1 Nc5 14. Be3 Nbxa4
15. Nxa4 Nxa4 16. Bxf7+ Rxf7 17. Rxa4 h6 18. Nh2 b5 19. Raa1 Be6 20. Qh5 a4 21.
Bxh6 Bc5 22. Be3 Bxe3 23. fxe3 Raf8 24. Nf3 Rf6 25. Rd2 Qa7 26. Qg5 b4 27. Nxe5
a3 28. bxa3 bxa3 29. c4 Qc5 30. Qg3 Ra8 31. Kh2 Qb4 32. Rda2 Qc3 33. Nxc6 Bxc4
34. Ne7+ Kh8 35. Nd5 Bxd5 36. exd5 Qd3 37. Qh4+ Rh6 38. Qe7 Rg6 39. Rxa3 Rxa3
40. Qxa3 Qe4 41. Ra2 Kh7 42. Rf2 Qxd5 43. Qb4 Re6 44. Qd4 Qb7 45. Qh4+ Rh6 46.
Qg5 Re6 47. Qf5+ Rg6 48. e4 Qc6 49. Rf4 Qd6 50. e5 Qc6 51. Rg4 Qb6 52. Rxg6
Qxg6 53. g4 1-0

[Event "43. Olimpiada Batumi 2018 Femenina"]
[Site "Batumi GEO"]
[Date "2018.09.25"]
[Round "2.4"]
[White "Cuvelier, Annelies"]
[Black "Fataliyeva, Ulviyya"]
[Result "0-1"]
[WhiteElo "1809"]
[BlackElo "2320"]
[PlyCount "72"]
[EventDate "2018.09.24"]
[EventType "team-swiss"]
[EventRounds "11"]
[EventCountry "GEO"]
[SourceTitle "Ajedrez en Madrid"]
[Source "lmi"]
[SourceDate "2018.09.24"]
[WhiteTeam "Belgium"]
[BlackTeam "Azerbaijan"]
[WhiteTeamCountry "BEL"]
[BlackTeamCountry "AZE"]

1. e4 e6 2. d4 d5 3. exd5 exd5 4. Bd3 c5 5. Nf3 Nf6 6. c3 Bd6 7. dxc5 Bxc5 8.
O-O O-O 9. Nbd2 Re8 10. Nb3 Bb6 11. h3 Nc6 12. Bf4 Ne4 13. Nbd4 Qf6 14. Be3 Bc7
15. Re1 a6 16. Qc1 Bd7 17. Nxc6 bxc6 18. Bg5 Qg6 19. Bxe4 dxe4 20. Nh4 Qd6 21.
Rd1 Qh2+ 22. Kf1 Bxh3 23. gxh3 Qxh3+ 24. Ke1 e3 25. Bxe3 Qxh4 26. b3 f5 27. Kd2
f4 28. Bd4 f3 29. Kc2 Re2+ 30. Rd2 Bf4 31. Be3 Bxe3 32. fxe3 Rd8 33. Rxe2 fxe2
34. Qg1 Qe4+ 35. Kb2 Rd2+ 36. Ka3 Qd5 0-1

[Event "43. Olimpiada Batumi 2018 Femenina"]
[Site "Batumi GEO"]
[Date "2018.09.25"]
[Round "2.1"]
[White "Hoang, Thanh Trang"]
[Black "Bejatovic, Bojana"]
[Result "1-0"]
[WhiteElo "2423"]
[BlackElo "2057"]
[PlyCount "51"]
[EventDate "2018.09.24"]
[EventType "team-swiss"]
[EventRounds "11"]
[EventCountry "GEO"]
[SourceTitle "Ajedrez en Madrid"]
[Source "lmi"]
[SourceDate "2018.09.24"]
[WhiteTeam "Hungary"]
[BlackTeam "FYR Macedonia"]
[WhiteTeamCountry "HUN"]

1. d4 d5 2. c4 c6 3. Nf3 Nf6 4. e3 a6 5. Bd3 Bg4 6. Nbd2 e6 7. b3 Nbd7 8. Bb2
Bd6 9. Qc2 c5 10. Ne5 cxd4 11. exd4 Bh5 12. O-O Bg6 13. Rae1 Rc8 14. f4 Bxd3
15. Qxd3 O-O 16. c5 Bxe5 17. fxe5 Ng4 18. Nf3 a5 19. Bc1 b6 20. Ng5 g6 21. Qg3
h6 22. Nf3 h5 23. h3 bxc5 24. hxg4 hxg4 25. Qxg4 cxd4 26. Ng5 1-0

[Event "43. Olimpiada Batumi 2018 Femenina"]
[Site "Batumi GEO"]
[Date "2018.09.25"]
[Round "2.2"]
[White "Stojkovska, Monika"]
[Black "Gara, Ticia"]
[Result "1-0"]
[WhiteElo "2106"]
[BlackElo "2321"]
[PlyCount "105"]
[EventDate "2018.09.24"]
[EventType "team-swiss"]
[EventRounds "11"]
[EventCountry "GEO"]
[SourceTitle "Ajedrez en Madrid"]
[Source "lmi"]
[SourceDate "2018.09.24"]
[WhiteTeam "FYR Macedonia"]
[BlackTeam "Hungary"]
[BlackTeamCountry "HUN"]

1. e4 c5 2. Nf3 e6 3. Nc3 Nc6 4. d4 cxd4 5. Nxd4 Qc7 6. f4 a6 7. Be3 b5 8. Qf3
Bb7 9. Bd3 Nf6 10. O-O-O Na5 11. Nb3 Rc8 12. Kb1 Nc4 13. Bd4 d6 14. Rhe1 Be7
15. Ne2 O-O 16. g4 e5 17. fxe5 dxe5 18. Bf2 Qc6 19. Bh4 Rc7 20. Bxf6 Bxf6 21.
Ng3 Bh4 22. Re2 g6 23. Bxc4 bxc4 24. Na5 Qb6 25. Qc3 Rb8 26. Nxc4 Qe6 27. b3
Qxg4 28. Qxe5 Rbc8 29. Rde1 Re7 30. Qd6 Ree8 31. Ne5 Bxg3 32. hxg3 Qe6 33. Qxe6
Rxe6 34. Nc4 Kg7 35. Kc1 h5 36. e5 Bf3 37. Re3 Bg2 38. Nd6 Rc5 39. c4 g5 40. b4
Rc7 41. Kd2 Kg6 42. c5 g4 43. Rc1 Bc6 44. Ra3 Rxe5 45. Rxa6 Kg5 46. Nxf7+ Rxf7
47. Rxc6 Rf2+ 48. Kd3 Rxa2 49. b5 Ra3+ 50. Rc3 Rxc3+ 51. Kxc3 Re3+ 52. Kc4 Rxg3
53. b6 1-0

[Event "43. Olimpiada Batumi 2018 Femenina"]
[Site "Batumi GEO"]
[Date "2018.09.25"]
[Round "2.3"]
[White "Lakos, Nikoletta"]
[Black "Koskoska, Gabriela"]
[Result "1/2-1/2"]
[WhiteElo "2258"]
[BlackElo "2026"]
[PlyCount "66"]
[EventDate "2018.09.24"]
[EventType "team-swiss"]
[EventRounds "11"]
[EventCountry "GEO"]
[SourceTitle "Ajedrez en Madrid"]
[Source "lmi"]
[SourceDate "2018.09.24"]
[WhiteTeam "Hungary"]
[BlackTeam "FYR Macedonia"]
[WhiteTeamCountry "HUN"]

1. e4 c6 2. Nc3 d5 3. Nf3 Bg4 4. h3 Bxf3 5. Qxf3 e6 6. d4 dxe4 7. Qxe4 Nf6 8.
Qd3 Na6 9. a3 Qa5 10. Rb1 Rd8 11. Bd2 Be7 12. Be2 O-O 13. Qc4 Qb6 14. Be3 Nd5
15. Nxd5 exd5 16. Qa4 Bf6 17. c3 Nc7 18. O-O a6 19. Qc2 g6 20. Qd2 Rfe8 21. g3
Nb5 22. Bf4 Nd6 23. Bxd6 Rxd6 24. Bd3 Rde6 25. b4 Qc7 26. Rfe1 Qd7 27. h4 Kg7
28. Kg2 h5 29. Kf1 Rxe1+ 30. Rxe1 Qh3+ 31. Kg1 Rxe1+ 32. Qxe1 Kf8 33. Qe3 Qg4
1/2-1/2

[Event "43. Olimpiada Batumi 2018 Femenina"]
[Site "Batumi GEO"]
[Date "2018.09.25"]
[Round "2.4"]
[White "Petrovska, Katerina"]
[Black "Terbe, Julianna"]
[Result "0-1"]
[WhiteElo "1966"]
[BlackElo "2260"]
[PlyCount "98"]
[EventDate "2018.09.24"]
[EventType "team-swiss"]
[EventRounds "11"]
[EventCountry "GEO"]
[SourceTitle "Ajedrez en Madrid"]
[Source "lmi"]
[SourceDate "2018.09.24"]
[WhiteTeam "FYR Macedonia"]
[BlackTeam "Hungary"]
[BlackTeamCountry "HUN"]

1. e4 e5 2. Nf3 Nc6 3. Bb5 a6 4. Ba4 Nf6 5. d3 d6 6. c3 g6 7. O-O Bg7 8. Re1
O-O 9. Nbd2 b5 10. Bc2 Bb7 11. d4 exd4 12. Nxd4 Re8 13. Nxc6 Bxc6 14. f3 d5 15.
exd5 Qxd5 16. Ne4 Nxe4 17. Qxd5 Bxd5 18. fxe4 Bc6 19. Bf4 Be5 20. Bg5 Kg7 21.
Rad1 f6 22. Be3 Bd6 23. Bd4 Re6 24. Re2 Rae8 25. Rf1 Be5 26. Bc5 Rd8 27. Rd1
Rxd1+ 28. Bxd1 Bd6 29. Bxd6 cxd6 30. Bb3 Rxe4 31. Rd2 Re1+ 32. Kf2 Rb1 33. g3
Be4 34. Rxd6 Rxb2+ 35. Ke3 f5 36. g4 Rxh2 37. gxf5 Bxf5 38. Rxa6 h5 39. Rb6
Rh3+ 40. Kf2 Rxc3 41. Rxb5 h4 42. a4 h3 43. Bd5 g5 44. a5 g4 45. Bb7 g3+ 46.
Ke1 Rc1+ 47. Kd2 g2 48. Bxg2 hxg2 49. Rb7+ Kf6 0-1

[Event "43. Olimpiada Batumi 2018 Femenina"]
[Site "Batumi GEO"]
[Date "2018.09.25"]
[Round "2.1"]
[White "Agrest, Inna"]
[Black "Melia, Salome"]
[Result "1/2-1/2"]
[WhiteElo "2283"]
[BlackElo "2391"]
[PlyCount "127"]
[EventDate "2018.09.24"]
[EventType "team-swiss"]
[EventRounds "11"]
[EventCountry "GEO"]
[SourceTitle "Ajedrez en Madrid"]
[Source "lmi"]
[SourceDate "2018.09.24"]
[WhiteTeam "Sweden"]
[BlackTeam "Georgia 2"]
[WhiteTeamCountry "SWE"]

1. e4 d6 2. d4 g6 3. Nf3 Bg7 4. Bd3 Nf6 5. O-O O-O 6. Re1 Bg4 7. Nbd2 c5 8. h3
Bd7 9. c3 cxd4 10. cxd4 Nc6 11. Nf1 e5 12. dxe5 dxe5 13. Ne3 Re8 14. Nc4 Qc7
15. Bd2 b5 16. Ne3 Nd4 17. Nxd4 exd4 18. Nc2 Qb6 19. Qf3 Bc6 20. Bg5 Nd7 21.
Nb4 Ne5 22. Qg3 Nxd3 23. Qxd3 Rac8 24. Rad1 Qb7 25. f3 a5 26. Nxc6 Rxc6 27. Bf4
Rce6 28. Bg3 a4 29. b4 Rc6 30. e5 Rc4 31. Re4 Rxb4 32. Rxd4 Rxd4 33. Qxd4 b4
34. Rb1 Bf8 35. Be1 Rb8 36. Kh1 a3 37. Bd2 Qb5 38. Qe4 Re8 39. Bxb4 Rb8 40. e6
Qf5 41. exf7+ Qxf7 42. Bxf8 Rxb1+ 43. Qxb1 Qxf8 44. Qb3+ Kg7 45. Qc3+ Kg8 46.
Qc4+ Kg7 47. Qd4+ Kg8 48. Qc4+ Kg7 49. f4 Qd6 50. Kg1 h5 51. Kf2 Qd2+ 52. Kf3
Qb2 53. Qd5 Qc3+ 54. Kf2 Qb2+ 55. Kg3 Qc3+ 56. Kh2 Qb2 57. Qe6 h4 58. Qe7+ Kg8
59. Qe8+ Kg7 60. Qe6 Kh7 61. Qf7+ Kh8 62. Qc4 Kg7 63. Kg1 Kf6 64. Kh2 1/2-1/2

[Event "43. Olimpiada Batumi 2018 Femenina"]
[Site "Batumi GEO"]
[Date "2018.09.25"]
[Round "2.2"]
[White "Charkhalashvili, Inga"]
[Black "Bengtsson, Jessica"]
[Result "1-0"]
[WhiteElo "2317"]
[BlackElo "1986"]
[PlyCount "67"]
[EventDate "2018.09.24"]
[EventType "team-swiss"]
[EventRounds "11"]
[EventCountry "GEO"]
[SourceTitle "Ajedrez en Madrid"]
[Source "lmi"]
[SourceDate "2018.09.24"]
[WhiteTeam "Georgia 2"]
[BlackTeam "Sweden"]
[BlackTeamCountry "SWE"]

1. d4 d5 2. c4 e6 3. Nf3 Nf6 4. g3 Be7 5. Bg2 O-O 6. O-O dxc4 7. Qc2 a6 8. a4
Bd7 9. Qxc4 Bc6 10. Bf4 Nd5 11. Bd2 Nd7 12. Qc1 Nb4 13. Nc3 Nf6 14. Rd1 Rc8 15.
Bg5 Ne4 16. d5 Bxg5 17. Nxg5 Qxg5 18. Qxg5 Nxg5 19. dxc6 f5 20. cxb7 Rb8 21.
Rd7 c6 22. Rad1 Nf7 23. Rc7 a5 24. f4 Nd5 25. Rxc6 Rxb7 26. Rxe6 Nxc3 27. bxc3
Rc7 28. Rd5 Nd8 29. Ra6 Rxc3 30. Ra8 Nc6 31. Rxf8+ Kxf8 32. Rxf5+ Ke7 33. Bxc6
Rxc6 34. Rxa5 1-0

[Event "43. Olimpiada Batumi 2018 Femenina"]
[Site "Batumi GEO"]
[Date "2018.09.25"]
[Round "2.3"]
[White "Fransson, Angelina"]
[Black "Gvetadze, Sofio"]
[Result "0-1"]
[WhiteElo "2004"]
[BlackElo "2325"]
[PlyCount "96"]
[EventDate "2018.09.24"]
[EventType "team-swiss"]
[EventRounds "11"]
[EventCountry "GEO"]
[SourceTitle "Ajedrez en Madrid"]
[Source "lmi"]
[SourceDate "2018.09.24"]
[WhiteTeam "Sweden"]
[BlackTeam "Georgia 2"]
[WhiteTeamCountry "SWE"]

1. e4 c5 2. Nf3 g6 3. c3 Bg7 4. d4 cxd4 5. cxd4 d5 6. e5 a6 7. h3 Nc6 8. Be2 f6
9. Bf4 Nh6 10. exf6 exf6 11. O-O O-O 12. Nc3 Nf5 13. Qd2 Kh8 14. Rfe1 b5 15.
Bf1 Bb7 16. Re6 Na5 17. b3 Bc8 18. Ree1 Ne7 19. Rxe7 Qxe7 20. Nxd5 Qa3 21. Nb6
Ra7 22. Qc3 Bb7 23. Bc1 Qd6 24. Qxa5 Bxf3 25. gxf3 Rb7 26. Ba3 Qxd4 27. Rc1
Qxb6 28. Qxb6 Rxb6 29. Bxf8 Bxf8 30. Rc7 Ba3 31. Ra7 f5 32. Kg2 Bc5 33. a4 bxa4
34. bxa4 Rb2 35. Ra8+ Kg7 36. Bxa6 Rxf2+ 37. Kg3 Ra2 38. Bb7 g5 39. Ra6 Bg1 40.
h4 Bf2+ 41. Kh3 Bxh4 42. Bd5 Rd2 43. Bc4 Rf2 44. Bd5 h5 45. a5 Rd2 46. Rd6 Be1
47. Rd7+ Kf6 48. Rf7+ Kg6 0-1

[Event "43. Olimpiada Batumi 2018 Femenina"]
[Site "Batumi GEO"]
[Date "2018.09.25"]
[Round "2.4"]
[White "Mikadze, Miranda"]
[Black "Zaritovskaja, Margarita"]
[Result "1-0"]
[WhiteElo "2255"]
[BlackElo "1731"]
[PlyCount "137"]
[EventDate "2018.09.24"]
[EventType "team-swiss"]
[EventRounds "11"]
[EventCountry "GEO"]
[SourceTitle "Ajedrez en Madrid"]
[Source "lmi"]
[SourceDate "2018.09.24"]
[WhiteTeam "Georgia 2"]
[BlackTeam "Sweden"]
[BlackTeamCountry "SWE"]

1. e4 c5 2. Nf3 e6 3. c3 Nf6 4. e5 Nd5 5. d4 cxd4 6. cxd4 d6 7. a3 Bd7 8. Bd3
Bc6 9. O-O Nd7 10. Re1 Rc8 11. Bd2 dxe5 12. dxe5 Be7 13. Nd4 O-O 14. Nxc6 Rxc6
15. Nc3 Nc5 16. Bc2 Nxc3 17. Bxc3 Qxd1 18. Raxd1 Rcc8 19. f4 g6 20. Kf2 Rfd8
21. Kf3 Nd7 22. Rd3 Nb6 23. Rxd8+ Bxd8 24. Be4 Be7 25. Bd4 Nc4 26. Re2 Rd8 27.
Bc3 Rd7 28. Rc2 a6 29. a4 b5 30. axb5 axb5 31. Ke2 Rc7 32. Bd4 Rd7 33. Bf2 Na5
34. Rd2 Rxd2+ 35. Kxd2 Bb4+ 36. Kc2 Kf8 37. b3 Ke7 38. Bd3 Nb7 39. Bxb5 f6 40.
Bh4 Kf7 41. Bxf6 Nc5 42. Bc6 Be1 43. Bd8 Na6 44. Be4 Nc5 45. Bf3 Bb4 46. Bh4 h6
47. Bd8 Ke8 48. Bf6 Kf7 49. Bd8 Ke8 50. Bc7 Na6 51. Bb6 Nc5 52. Be2 Ke7 53. Bc7
Nb7 54. Kd3 Bc5 55. Bb8 Kd7 56. Bf3 Kc8 57. Bxb7+ Kxb7 58. Bd6 Bg1 59. h3 Kb6
60. g4 Kc6 61. Ke4 Kd7 62. Bf8 h5 63. gxh5 gxh5 64. f5 exf5+ 65. Kxf5 h4 66.
Bh6 Bf2 67. Bg5 Bg3 68. e6+ Ke8 69. Kg4 1-0

[Event "43. Olimpiada Batumi 2018 Femenina"]
[Site "Batumi GEO"]
[Date "2018.09.25"]
[Round "2.1"]
[White "Vega Gutierrez, Sabrina"]
[Black "Shamima, Akter"]
[Result "1-0"]
[WhiteElo "2404"]
[BlackElo "2152"]
[PlyCount "47"]
[EventDate "2018.09.24"]
[EventType "team-swiss"]
[EventRounds "11"]
[EventCountry "GEO"]
[SourceTitle "Ajedrez en Madrid"]
[Source "lmi"]
[SourceDate "2018.09.24"]
[WhiteTeam "Spain"]
[BlackTeam "Bangladesh"]
[WhiteTeamCountry "ESP"]
[BlackTeamCountry "BAN"]

1. e4 c5 2. Nf3 e6 3. d4 cxd4 4. Nxd4 b6 5. Bd3 Bb7 6. O-O a6 7. Re1 Qc7 8. b3
Bc5 9. Bb2 Nf6 10. Nd2 h5 11. e5 Nd5 12. Nc4 Nc6 13. Nd6+ Ke7 14. Be4 Nxd4 15.
Bxd4 Bc6 16. c4 Nb4 17. a3 Bxe4 18. axb4 Bxd4 19. Qxd4 Bc6 20. Qh4+ f6 21. Qg3
Rag8 22. b5 Ba8 23. Rxa6 fxe5 24. Qg5+ 1-0